000 00787cam a2200205 a 4500
001 000018075
005 20200929165337.0
008 870727s1927 dr a 000 0 spa
040 _aDO-SdBNP
_bspa
_cBNPHU
082 _a582.16097293
_bS333r
100 1 _aSchiffino, José
_922056
245 1 0 _aRiqueza forestal dominicana /
_cJ. Schifffino ; carta-prólogo Lorenzo Despradel.
260 _aSanto Domingo :
_bImprenta La Floresta,
_c1927.
300 _a125 p. :
_bil. ;
_c23 cm.
500 _aIncluye índice de los nombres vulgares en la República Dominicana y Centro y Sur América.
650 4 _aÁrboles
_zRepública Dominicana
_921551
650 4 _aFlora forestal
_zRepública Dominicana
_922057
700 1 2 _aDespradel, Lorenzo
_939175
910 _aValidado. Control de calidad MFF
999 _c17597
_d17597